00000000nam 2200000za 4500
0019.846595
003CaOODSP
00520221107153236
007cr |||||||||||
008171103s2017    onc    #oz   f000 0 eng d
020 |a978-0-660-23777-0
040 |aCaOODSP|beng
041 |aeng|afre
043 |an-cn---|ae-it---
0861 |aFR4-2017/25-PDF
24500|aItaly / Drivers License Framework |h[electronic resource] : |bFramework Agreement between the Government of Canada and the Italian Republic on the Reciprocal Recognition of Drivers’ Licences for Exchange Purposes = Italie / Accord cadre pour les permis de conduire : Accord cadre entre le gouvernement du Canada et la République italienne sur la reconnaissance réciproque aux fins d'échange des permis de conduire.
24611|aItalie / Accord cadre pour les permis de conduire : |bAccord cadre entre le gouvernement du Canada et la République italienne sur la reconnaissance réciproque aux fins d'échange des permis de conduire
24610|aFramework Agreement between the Government of Canada and the Italian Republic on the Reciprocal Recognition of Drivers’ Licences for Exchange Purposes
260 |a[Ottawa] : |bTreaty Law Division of the Department of Foreign Affairs, Trade and Development = Direction du droit des traités du ministère des Affaires étrangères, du commerce et du développement, |cc2017.
300 |a3, 3 p.
4901 |aTreaty series = Recueil des traités ; |v2017/25
500 |a"Done at Rome 22 March 2017, In Force: 12 October 2017."
500 |aAlternate pages have duplicate numbering.
500 |aThe PDF copy has been replaced April 27, 2018 as requested by the author department.
520 |a"The Government of Canada and the Government of the Italian Republic acknowledged that the reciprocal recognition, for exchange purposes, of the validity of drivers’ licences issued by the competent authorities of their respective countries would have a positive influence on the mobility of persons between the two countries."--p. [1].
546 |aText in English and French.
69207|2gccst|aInternational agreements
69207|2gccst|aDriving
69207|2gccst|aPermits
7101 |aCanada. |bGlobal Affairs Canada. |bTreaty Law Division.
792 |tItaly / Drivers License Framework |efre|w(CaOODSP)9.846596
830#0|aCanada treaty series ;|v2017/25.|w(CaOODSP)9.811730
85640|qPDF|s349 KB|uhttps://publications.gc.ca/collections/collection_2017/amc-gac/FR4-2017-25.pdf